[Event "Ekstraliga 2021"]
[Site "Legnica"]
[Date "2021.10.10"]
[Round "9.30"]
[White "Socko, Monika"]
[Black "Antolak, Julia"]
[Result "1/2-1/2"]
[BlackElo "2325"]
[WhiteElo "2397"]
[WhiteTeam "Wasko Hetman GKS"]
[BlackTeam "Hetman Plock"]
[LiveChessVersion "1.4.8"]

1. d4 {[%clk 1:30:58]} Nf6 {[%clk 1:30:54]} 2. Bg5 {[%clk 1:31:23]} Ne4
{[%clk 1:29:15]} 3. Bf4 {[%clk 1:31:48]} c5 {[%clk 1:28:56]} 4. f3
{[%clk 1:32:08]} Nf6 {[%clk 1:28:25]} 5. d5 {[%clk 1:30:35]} d6 {[%clk 1:27:04]}
6. c4 {[%clk 1:29:33]} e6 {[%clk 1:14:33]} 7. Nc3 {[%clk 1:20:55]} exd5
{[%clk 1:10:51]} 8. cxd5 {[%clk 1:21:13]} a6 {[%clk 1:08:20]} 9. a4
{[%clk 1:21:27]} g6 {[%clk 1:06:18]} 10. Qd2 {[%clk 1:21:26]} Bg7
{[%clk 1:04:01]} 11. g4 {[%clk 1:14:17]} Qe7 {[%clk 0:57:00]} 12. e4
{[%clk 1:04:42]} O-O {[%clk 0:50:05]} 13. Nge2 {[%clk 0:57:51]} Nbd7
{[%clk 0:43:55]} 14. Ng3 {[%clk 0:56:34]} Ne5 {[%clk 0:43:17]} 15. Be2
{[%clk 0:56:52]} Re8 {[%clk 0:41:07]} 16. O-O {[%clk 0:53:55]} Rb8
{[%clk 0:36:48]} 17. Bg5 {[%clk 0:51:12]} Qc7 {[%clk 0:31:22]} 18. h3
{[%clk 0:49:06]} b5 {[%clk 0:30:54]} 19. axb5 {[%clk 0:48:04]} axb5
{[%clk 0:31:20]} 20. Nxb5 {[%clk 0:44:54]} Qb6 {[%clk 0:30:38]} 21. Be3
{[%clk 0:40:11]} Bd7 {[%clk 0:27:27]} 22. Nc3 {[%clk 0:31:50]} Qb4
{[%clk 0:21:45]} 23. f4 {[%clk 0:27:44]} Nc4 {[%clk 0:21:58]} 24. Bxc4
{[%clk 0:28:10]} Qxc4 {[%clk 0:22:24]} 25. f5 {[%clk 0:25:11]} Rb3
{[%clk 0:18:56]} 26. Rac1 {[%clk 0:22:28]} Qb4 {[%clk 0:16:56]} 27. Rc2
{[%clk 0:22:13]} Nxe4 {[%clk 0:14:52]} 28. Ngxe4 {[%clk 0:22:17]} Rxe4
{[%clk 0:15:01]} 29. f6 {[%clk 0:22:00]} Bh8 {[%clk 0:03:18]} 30. Nxe4
{[%clk 0:21:31]} Qxe4 {[%clk 0:03:44]} 31. Rc3 {[%clk 0:20:25]} Rxc3
{[%clk 0:03:43]} 32. bxc3 {[%clk 0:17:10]} Qe5 {[%clk 0:04:03]} 33. Bf4
{[%clk 0:14:23]} Qxf6 {[%clk 0:03:49]} 34. Qe3 {[%clk 0:12:56]} Qxc3
{[%clk 0:02:08]} 35. Qxc3 {[%clk 0:12:51]} Bxc3 {[%clk 0:02:36]} 36. Bxd6
{[%clk 0:13:17]} Bd4+ {[%clk 0:02:43]} 37. Kh2 {[%clk 0:13:42]} Bb5
{[%clk 0:02:28]} 38. Rb1 {[%clk 0:11:10]} Bc4 {[%clk 0:02:45]} 39. Rb8+
{[%clk 0:09:53]} Kg7 {[%clk 0:03:11]} 40. g5 {[%clk 0:38:55]} f6 {[%clk 0:32:16]}
41. Rb7+ {[%clk 0:30:10]} Kg8 {[%clk 0:31:24]} 42. gxf6 {[%clk 0:25:33]} Bxf6
{[%clk 0:29:48]} 43. Rc7 {[%clk 0:23:57]} Bxd5 {[%clk 0:29:29]} 44. Rxc5
{[%clk 0:24:21]} Be6 {[%clk 0:29:04]} 45. Kg3 {[%clk 0:24:23]} Bf5
{[%clk 0:26:58]} 46. h4 {[%clk 0:24:27]} Kf7 {[%clk 0:26:28]} 47. Bf4
{[%clk 0:24:50]} h5 {[%clk 0:26:18]} 48. Rc7+ {[%clk 0:24:05]} Ke6
{[%clk 0:26:12]} 49. Rc6+ {[%clk 0:23:43]} Kf7 {[%clk 0:26:35]} 50. Bg5
{[%clk 0:23:26]} Bxg5 {[%clk 0:25:50]} 51. hxg5 {[%clk 0:23:54]} Kg7
{[%clk 0:24:22]} 52. Rc7+ {[%clk 0:23:41]} Kg8 {[%clk 0:24:47]} 53. Ra7
{[%clk 0:23:30]} Kh8 {[%clk 0:23:30]} 54. Ra1 {[%clk 0:18:26]} Kg7
{[%clk 0:24:02]} 55. Rh1 {[%clk 0:18:52]} Kf7 {[%clk 0:23:35]} 56. Kf4
{[%clk 0:18:48]} Ke6 {[%clk 0:23:51]} 57. Rh2 {[%clk 0:19:14]} Kd6
{[%clk 0:21:54]} 58. Rd2+ {[%clk 0:17:39]} Ke6 {[%clk 0:22:19]} 59. Re2+
{[%clk 0:18:07]} Kd6 {[%clk 0:21:50]} 60. Kg3 {[%clk 0:18:27]} Kd5
{[%clk 0:21:32]} 61. Ra2 {[%clk 0:13:31]} Ke5 {[%clk 0:21:27]} 62. Ra6
{[%clk 0:13:51]} Kd5 {[%clk 0:21:07]} 63. Ra4 {[%clk 0:12:11]} Ke5
{[%clk 0:21:22]} 64. Kf3 {[%clk 0:12:03]} Bg4+ {[%clk 0:20:55]} 65. Ke3
{[%clk 0:12:08]} Bf5 {[%clk 0:21:16]} 66. Rb4 {[%clk 0:12:20]} Kd5
{[%clk 0:20:32]} 67. Ra4 {[%clk 0:11:18]} 1/2-1/2